Les films et séries adaptés de jeux vidéos par images - Statistiques

Statistiques générales
  • Ce quiz a été pris 942 fois
    899 depuis la dernière actualisation
  • Le résultat moyen est 13 sur 20
Statistiques - réponses
Par images Réponse % Correct
Super Mario Bros., le film
100%
Sonic, le film
99%
Pokémon : Détective Pikachu
98%
Angry Birds - Le Film
95%
Lara Croft: Tomb Raider
94%
Assassin's Creed
87%
The Last of Us
85%
Minecraft, le film
84%
Arcane
75%
Hitman
75%
Uncharted
68%
Prince of Persia
57%
Warcraft : le commencement
55%
Mortal Kombat
51%
Resident Evil : Chapitre final
46%
Cyberpunk: Edgerunners
45%
Borderlands
37%
Street Fighter : L'ultime combat
35%
Monster Hunter
30%
Silent Hill
25%
Aucun quiz correspondant
Distribution des résultats
% des personnes avec chaque résultat
Percentile par nombre de réponses
Votre historique - résultats
Vous n’avez pas pris ce quiz depuis la dernière actualisation